| 000 | 00445nam a2200133Ia 4500 | ||
|---|---|---|---|
| 008 | 250506s9999 xx 000 0 und d | ||
| 024 | _a99B-25-BS3, 99B-52-BS3 & 99B-23-BS3 | ||
| 082 | _a4.62072 UMA | ||
| 100 | _aUmair Mumtaz, , S. Obaid Bin Talha & Saleem Suleman | ||
| 245 | 0 | _aWireless Application Based Information Protocols | |
| 260 |
_aKarachi: _bUIT, _c1999 |
||
| 600 | _aComputer Science | ||
| 650 | _aBachelor of Computer Science (BS) | ||
| 999 |
_c28645 _d28645 |
||